000
00325nam a22001457a 4500
020
_a
978-0-8138-2818-3
082
_a
617.600,B08B
100
_a
KIM,JAY.S
245
_a
BIOSTATISTICS FOR ORAL HEALTH CARE
250
_a
1ST
260
_a
USA
_b
BLACKWELL MUNKSGAARD
_c
2008
300
_a
332
650
_a
PCD
942
_2
ddc
_c
BK
999
_c
9931
_d
9931